000 00894nam a22002772a 4500
001 61504
003 BD-RjUL
005 20211209080954.0
008 190313s1962 enk 000 0 eng d
035 _aOCLC ocm09080569 from D950427M
035 _a(BD-RjUL)61628
040 _aSOI
_cSOI
_dEQO
_dBD-RjUL
_beng
041 _aeng
082 _223
_a657
_bCAC 1962
100 _aCarter, Roger Neale.
_9229343
245 1 0 _aCarter's advanced accounts :
_ba manual of bookkeeping and accountancy for students /
_cRoger N Carter ; Douglas Garbutt.
250 _a5th ed
260 _aLondon :
_bSir I. Pitman & Sons,
_c1962
300 _axvi, 1023 p.:
_bill. ;
_c21 cm.
500 _aPrevious editions by Roger N. Carter. cf. pref
500 _a"Answers": p. 999-1007
650 0 _aAccounting
_9229344
650 0 _aBookkeeping
_9229345
700 1 _aGarbutt, Douglas.
_9229346
942 _2ddc
_cBK
999 _c61504
_d61504